[Event "Santiago de Compostela Bicapawn GP B4"]
[Site "Santiago de Compostela"]
[Date "2022.10.21"]
[Round "1"]
[White "Fernandez Maceiras, Rogelio"]
[Black "Piorun, Kacper"]
[Result "0-1"]
[WhiteElo "1904"]
[BlackElo "2611"]
[PlyCount "54"]
[EventDate "2022.10.21"]
[EventType "swiss (blitz)"]
[EventRounds "9"]
[EventCountry "ESP"]
[SourceTitle "CBM 210 Extra"]
[Source "ChessBase"]
[SourceDate "2022.11.30"]
[SourceVersion "1"]
[SourceVersionDate "2022.11.30"]
[SourceQuality "1"]

1. Nf3 g6 2. d4 Bg7 3. c4 d6 4. Nc3 Nf6 5. e4 0-0 6. Bd3 Bg4 7. h3 Bxf3 8. Qxf3 Nc6 9. Be3 Nd7 10. d5 Nd4 11. Bxd4 Bxd4 12. 0-0 c6 13. Rac1 Qa5 14. Bb1 Bg7 15. Qe2 Rfc8 16. f4 cxd5 17. cxd5 a6 18. Kh1 Rc7 19. f5 Bxc3 20. Rxc3 Rxc3 21. bxc3 Qxc3 22. fxg6 hxg6 23. Qf2 Ne5 24. Qh4 f6 25. Qf2 Rc8 26. g4 Qxh3+ 27. Kg1 Nxg4 0-1